Blyskavky - žiarivé klenoty Banskej Bystrice

Bibliographic Details
Main Author: Kapustová, Renáta (Author)
Corporate Author: Stredoslovenské múzeum (Author)
Format: Article
Language:Slovak
PhysicalDescription:Fotografie
ISSN:2585-9420
Subjects:

MARC

LEADER 00000nab a2200000 4500
001 vtls012268723
003 SK-MaSNL
005 20260304212733.0
008 241217s2024 xo qr p 000 0 slo
015 |a SNBRA 2015  |2 svkbbbg 
040 |a SVKBBBG  |b slo  |c SVKBBBG  |e rda 
041 0 |a slo 
043 |a e-xo--- 
044 |a xo  |c SK 
072 7 |a 592/599  |x Systematická zoológia  |2 konspekt 
072 7 |a 574  |x Všeobecná ekológia  |2 konspekt 
080 |a 574.2  |2 2011 
080 |a (046)  |2 2011 
080 |a (437.642)  |2 2011 
080 |a 595.7  |2 2011 
100 1 |a Kapustová, Renáta  |4 aut  |9 400901 
245 1 0 |a Blyskavky - žiarivé klenoty Banskej Bystrice  |c Renáta Kapustová, Stredoslovenské múzeum 
300 |b Fotografie 
336 |a text  |b txt  |2 rdacontent 
337 |a bez média  |b n  |2 rdamedia 
338 |a zväzok  |b nc  |2 rdacarrier 
504 |a Obsahuje bibliografiu 
650 0 7 |a hmyz  |2 SNKPH  |9 783 
650 0 7 |a blyskavkovité  |2 SNKPH  |9 255727 
650 0 7 |a biotopy  |2 SNKPH  |9 3901 
650 0 7 |a Insects  |2 SNKPHeng  |9 331144 
650 0 7 |a Biotopes  |2 SNKPHeng  |9 324531 
651 7 |a Radvaň (Banská Bystrica, Slovensko)  |2 SNKPHgeo  |9 30653 
651 7 |a Radvaň (Banská Bystrica, Slovakia)  |2 SNKPHeng  |9 421459 
655 7 |a články  |2 SNKPH  |9 70601 
655 7 |a Journal articles  |2 SNKPHeng  |9 279737 
710 2 |a Stredoslovenské múzeum  |4 aut  |9 235041 
773 0 |t Bystrický Permon  |g Roč. XXII, č. 4 (december 2024), s. 6  |x 2585-9420 
852 |a SVKBB  |b KIS3GCP 
958 |a NB 
958 |a PM 
999 |c 3132749  |d 3134679